| 000 | 01096cam a2200193 i 4500 | ||
|---|---|---|---|
| 999 |
_c57911 _d57911 |
||
| 001 | 17856978 | ||
| 005 | 20221114111618.0 | ||
| 008 | 130819s2013 enk 000 0 eng | ||
| 020 | _a9781137029126x | ||
| 041 | _aeng | ||
| 080 | _a327.2 S-57 | ||
| 100 | 1 |
_aSimon, Luis _d _910910 |
|
| 245 | 1 | 0 |
_aGeopolitical change, grand strategy and European security : _bthe EU-Nato conundrum in perspective / _cLuis Simâon. |
| 264 | 1 |
_aHoundmills, Basingstoke, Hampshire ; _aNew York : _bPalgrave Macmillan, _c2013. |
|
| 300 |
_a286 pages ; _c23 cm. |
||
| 653 | _aგეოპოლიტიკური ცვლილება, დიდი სტრატეგია და ევროპული უსაფრთხოება: ევროკავშირი-ნატოს მიუკერძოებელი პერსპექტივა | ||
| 653 | _aГеополитические изменения, грандиозная стратегия и европейская безопасность: головоломка ЕС-НАТО в перспективе | ||
| 942 |
_2udc _cBK |
||